The Figurative Sculpture of Magdalena Abakanowicz : (Record no. 582296)

MARC details
000 -LEADER
fixed length control field 00498nam a2200193 a 4500
008 - FIXED-LENGTH DATA ELEMENTS--GENERAL INFORMATION
fixed length control field 250814s2004##################000#0#eng##
020 ## - INTERNATIONAL STANDARD BOOK NUMBER
ISBN 9780520231252
082 04 - DEWEY DECIMAL CLASSIFICATION NUMBER
Classification number 730.92
Item number ING
100 1# - MAIN ENTRY--AUTHOR NAME
Personal name Inglot, Joanna,
245 10 - TITLE STATEMENT
Title The Figurative Sculpture of Magdalena Abakanowicz :
260 ## - PUBLICATION, DISTRIBUTION, ETC. (IMPRINT)
Name of publisher Univ of California Press,
Year of publication 2004.
300 ## - PHYSICAL DESCRIPTION
Number of Pages 184 pages
650 #0 - SUBJECT ADDED ENTRY--TOPICAL TERM
Topical Term Art.
942 ## - ADDED ENTRY ELEMENTS (KOHA)
Koha item type English Books
Holdings
Withdrawn status Lost status Damaged status Not for loan Home library Current library Shelving location Date acquired Full call number Accession Number Price effective from Koha item type
        Anna Centenary Library Anna Centenary Library 6TH FLOOR, B WING 14.08.2025 730.92 ING 169040 14.08.2025 English Books

Find us on the map